Harry Potter Quote Quiz - Statistics

General Stats
  • This quiz has been taken 1,135 times
    953 since last reset
  • The average score is 16 of 25
Answer Stats
Question Answer % Correct
Yer a wizard Harry. (Philosopher's Stone) Rubeus Hagrid
100%
We could all have been killed — or worse, expelled. (Philosopher's Stone) Hermione Granger
99%
I want to commit the murder I was imprisoned for. (Prisoner of Azkaban) Sirius Black
97%
To the well-organized mind, death is but the next great adventure (Philosopher's Stone) Albus Dumbledore
94%
Why, dear boy, we don’t send wizards to Azkaban just for blowing up their aunts. (Prisoner of Azkaban) Cornelius Fudge
92%
There is no need to call me ‘sir,’ Professor. (Half-Blood Prince) Harry Potter
85%
Just because you have the emotional range of a teaspoon doesn't mean we all have. (Order of the Phoenix) Hermione Granger
85%
Of all the trees we could’ve hit, we had to get one that hits back. (Chamber of Secrets) Ron Weasley
82%
Of course it is happening inside your head, Harry, but why on earth should that mean that it is not real? (Deathly Hallows) Albus Dumbledore
81%
Always. (Deathly Hallows) Severus Snape
79%
Do not pity the dead, Harry. Pity the living, and, above all those who live without love. (Deathly Hallows) Albus Dumbledore
71%
Wit beyond measure is man’s greatest treasure. (Order of the Phoenix) Luna Lovegood
70%
Have a biscuit, Potter. (Order of the Phoenix) Minerva McGonagall
66%
Fear of a name only increases fear of the thing itself. (Chamber of Secrets) Albus Dumbledore
60%
It matters not what someone is born, but what they grow to be. (Goblet of Fire) Albus Dumbledore
60%
If you want to know what a man’s like, take a good look at how he treats his inferiors, not his equals. (Goblet of Fire) Sirius Black
60%
It is the quality of one’s convictions that determines success, not the number of followers. (Deathly Hallows) Remus Lupin
42%
Hearing voices no one else can hear isn’t a good sign, even in the wizarding world. (Chamber of Secrets) Ron Weasley
36%
I am a wizard, not a baboon brandishing a stick. (Half Blood Prince) Seamus Finnegan
36%
Once again, you show all the sensitivity of a blunt axe. (Half-Blood Prince) Nearly-Headless Nick
35%
Ah well… wand still in your jeans? Both buttocks still on? Okay, let’s go. (Order of the Phoenix) Nymphadora Tonks
32%
Numbing the pain for a while will make it worse when you finally feel it. (Goblet of Fire) Albus Dumbledore
29%
Anyone can speak Troll. All you have to do is point and grunt. (Goblet of Fire) Fred Weasley
27%
Until the very end. (Deathly Hallows) James Potter
26%
Every human life is worth the same, and worth saving. (Deathly Hallows) Kingsley Shacklebolt
25%
No matching quizzes found
Score Distribution
Percent of People with Each Score
Percentile by Number Answered
Your Score History
You have not taken this quiz since the last reset